000 00490nmm a2200169Ia 4500
008 251105s9999||||xx |||||||||||||||||und||
020 _a9789681673604
041 _aspa
100 _aHernández, Francisco
245 0 _aEl corazón del avispero
264 _a[México D.C., Mexico] :
_bFondo de Cultura Económica,
_c2013
300 _a91 páginas
490 _aCentzontle
650 _aLatin American poetry
856 _uhttps://public.digitaliapublishing.com/a/43422
942 _cCF
999 _c96985
_d96985